[Event "DRUGA LIGA CENTRALNE SRBIJE 2012 - Istok"]
[Site "Pozarevac, Hotel DUNAV"]
[Date "2012.09.14"]
[Round "1.21"]
[White "Delchev, Aleksander"]
[Black "Dinic, Dragan"]
[Result "1-0"]
[WhiteElo "2596"]
[BlackElo "2314"]
[PlyCount "0"]
[EventDate "2012.09.14"]

1.Nf3 Nf6 2.c4 g6 3.Nc3 d5 4.cxd5 Nxd5 5.Qb3 Nb6 6.d4 Bg7 7.Bf4
O-O 8.e3 Nc6 9.Be2 Be6 10.Qa3 Bc4 11.Bxc4 Nxc4 12.Qc5 Nb6 13.O-O
e6 14.Rac1 Rc8 15.Bg3 a6 16.Rfd1 Qe7 17.Qxe7 Nxe7 18.Ne4 Nbd5
19.Nc5 Nf5 20.Be5 Nd6 21.e4 Nb6 22.Bxd6 cxd6 23.Nxb7 Bh6 24.Rxc8
Rxc8 25.Nxd6 Rc6 26.Nxf7 1-0

[Event "DRUGA LIGA CENTRALNE SRBIJE 2012 - Istok"]
[Site "Pozarevac, Hotel DUNAV"]
[Date "2012.09.14"]
[Round "1.22"]
[White "Panic, Milan"]
[Black "Trickovic, Borivoje"]
[Result "1/2-1/2"]
[WhiteElo "2274"]
[BlackElo "2240"]
[PlyCount "0"]
[EventDate "2012.09.14"]

1.d4 d6 2.e4 g6 3.c4 Bg7 4.Nc3 Nc6 5.d5 Nd4 6.Be3 c5 7.Nge2 Qb6
8.Rb1 f5 9.Ng3 Nh6 10.Bxh6 Bxh6 11.exf5 Nxf5 12.Nxf5 Bxf5 13.Bd3
O-O 14.O-O Bg7 15.Qc2 1/2-1/2

[Event "DRUGA LIGA CENTRALNE SRBIJE 2012 - Istok"]
[Site "Pozarevac, Hotel DUNAV"]
[Date "2012.09.14"]
[Round "1.24"]
[White "Vebel, Goran"]
[Black "Petrov, Georgi"]
[Result "1-0"]
[WhiteElo "2120"]
[BlackElo "2190"]
[PlyCount "0"]
[EventDate "2012.09.14"]

1.d4 Nf6 2.c4 e6 3.Nc3 Bb4 4.a3 Bxc3+ 5.bxc3 d6 6.f3 Nbd7 7.e4
O-O 8.Bd3 e5 9.Ne2 c6 10.O-O d5 11.cxd5 cxd5 12.Qc2 h6 13.a4
Re8 14.a5 Qc7 15.Qb1 b6 16.axb6 Nxb6 17.dxe5 Qxe5 18.Be3 dxe4
19.Bd4 Qd6 20.fxe4 Bb7 21.Rxf6 gxf6 22.Ng3 Re5 23.Nf5 Rxf5 24.exf5
Qc6 25.Bf1 Nd5 26.Qe4 Kg7 27.Qh4 a5 28.c4 Ne7 29.Ra3 Ng8 30.Rg3+
Kf8 31.Qg4 Ke7 32.Qg7 Re8 33.c5 Qd7 34.Bf2 Bd5 35.Qh7 Qc8 36.Bb5
Rf8 1-0

[Event "DRUGA LIGA CENTRALNE SRBIJE 2012 - Istok"]
[Site "Pozarevac, Hotel DUNAV"]
[Date "2012.09.14"]
[Round "1.25"]
[White "Dimitrijevic, Dusan *"]
[Black "Stanojlovic, Vladimir *"]
[Result "1-0"]
[WhiteElo "1984"]
[BlackElo "2117"]
[PlyCount "0"]
[EventDate "2012.09.14"]

1.d4 Nf6 2.c4 g6 3.Nc3 d5 4.cxd5 Nxd5 5.e4 Nxc3 6.bxc3 Bg7 7.Bc4
c5 8.Ne2 Nc6 9.Be3 cxd4 10.cxd4 O-O 11.O-O a6 12.Qd2 Rb8 13.a4
Bd7 14.a5 e6 15.Ra3 Re8 16.Rfa1 Qc7 17.Bh6 Bxh6 18.Qxh6 Re7 19.Rh3
f6 20.Nf4 Nxd4 21.Nxg6 Rg7 22.Ne7+ Kf7 23.Rc1 Qe5 24.Nf5 Nxf5
25.exf5 Qxf5 26.Re3 Rc8 27.Rd1 Rxc4 28.Rxd7+ Ke8 29.Rd1 Qg4 30.Rxe6+
Kf7 31.Qxf6+ 1-0

[Event "DRUGA LIGA CENTRALNE SRBIJE 2012 - Istok"]
[Site "Pozarevac, Hotel DUNAV"]
[Date "2012.09.14"]
[Round "1.26"]
[White "Velikic, Vule"]
[Black "Kostic, Aleksandar *"]
[Result "0-1"]
[WhiteElo "1807"]
[BlackElo "1981"]
[PlyCount "0"]
[EventDate "2012.09.14"]

1.d4 d5 2.c4 c6 3.Nf3 Nf6 4.Nc3 e6 5.cxd5 exd5 6.Bg5 Bf5 7.e3
Nbd7 8.Bd3 Bg6 9.Ne5 Qb6 10.Bxg6 hxg6 11.Qb3 Qxb3 12.axb3 Nxe5
13.dxe5 Nd7 14.Bf4 Nc5 15.O-O-O Nxb3+ 16.Kc2 Nc5 17.Rhe1 Ne6
18.Bg3 Bb4 19.Re2 b5 20.Na2 Be7 21.h3 a5 22.Kb1 b4 23.Nc1 O-O
24.Rc2 Rac8 25.Nb3 a4 26.Nd4 Nxd4 27.exd4 b3 28.Rcd2 Rfd8 29.f3
Bb4 30.Rd3 c5 31.Be1 Bxe1 32.Rxe1 c4 33.Rc3 Rc6 34.Kc1 Ra6 35.Re2
Rda8 36.Rce3 a3 37.bxa3 Rxa3 38.Rb2 Ra1+ 39.Rb1 R8a2 40.Rxa1
Rxa1+ 41.Kb2 0-1

[Event "DRUGA LIGA CENTRALNE SRBIJE 2012 - Istok"]
[Site "Pozarevac, Hotel DUNAV"]
[Date "2012.09.14"]
[Round "1.27"]
[White "Pejic-Randjelovic , Dragana *"]
[Black "Milutinovic, Bojan"]
[Result "1-0"]
[WhiteElo "2044"]
[BlackElo "1813"]
[PlyCount "0"]
[EventDate "2012.09.14"]

1.e4 c5 2.Nf3 d6 3.d4 cxd4 4.Nxd4 Nf6 5.Nc3 g6 6.f4 Nc6 7.Nxc6
bxc6 8.e5 Nd7 9.exd6 exd6 10.Be3 Be7 11.Be2 O-O 12.O-O Nf6 13.Bf3
d5 14.Kh1 Re8 15.Bd4 Rb8 16.Na4 Qa5 17.c3 Bf5 18.b4 Qb5 19.Be2
Qb7 20.Nc5 Bxc5 21.Bxc5 Ne4 22.Bd4 Qe7 23.Bf3 Qh4 24.Bxe4 Rxe4
25.Be5 Re8 26.Qa4 Bd7 27.Qxa7 Qe7 28.Qc5 Qxc5 29.bxc5 Re2 30.a4
Ra8 31.a5 Bc8 32.Rfb1 Kf8 33.Kg1 Ke7 34.Rb6 Kd7 35.a6 Ra7 36.Bb8
Ra8 37.a7 Rc2 38.Bd6 1-0

[Event "DRUGA LIGA CENTRALNE SRBIJE 2012 - Istok"]
[Site "Pozarevac, Hotel DUNAV"]
[Date "2012.09.14"]
[Round "1.28"]
[White "Petrovic, Petar **"]
[Black "Kostic, Stefan **"]
[Result "1-0"]
[WhiteElo "1631"]
[BlackElo "1972"]
[PlyCount "0"]
[EventDate "2012.09.14"]

1.e4 e5 2.Nf3 Nc6 3.Bb5 a6 4.Ba4 Nf6 5.d3 b5 6.Bb3 Bc5 7.c3 d6
8.O-O O-O 9.Re1 Bg4 10.Nbd2 Ne7 11.Nf1 Ng6 12.h3 Be6 13.Bc2 h6
14.Ng3 Qc8 15.Nf5 Bxf5 16.exf5 Ne7 17.d4 Bb6 18.dxe5 dxe5 19.Nxe5
Qb7 20.Ng4 Ned5 21.Qf3 Nxg4 22.Qxg4 Nf6 23.Qg3 Kh7 24.Qh4 Qc6
25.g4 Rae8 26.Bd2 Ne4 27.Rxe4 Rxe4 28.f6 Kg8 29.fxg7 Rfe8 30.Bxe4
Rxe4 31.Bxh6 Bxf2+ 32.Kxf2 Qd6 33.Be3 Kxg7 34.Qg5+ Kh8 35.Qh6+ 1-0

[Event "DRUGA LIGA CENTRALNE SRBIJE 2012 - Istok"]
[Site "Pozarevac, Hotel DUNAV"]
[Date "2012.09.14"]
[Round "1.32"]
[White "Djokic, Nebojsa"]
[Black "Komnenic, Branko"]
[Result "1-0"]
[WhiteElo "2159"]
[BlackElo "2295"]
[PlyCount "0"]
[EventDate "2012.09.14"]

1.e4 c5 2.Nf3 d6 3.d4 cxd4 4.Nxd4 Nf6 5.Nc3 a6 6.Be3 e6 7.g4
h6 8.Rg1 e5 9.Nb3 Be6 10.Nd5 Bxd5 11.exd5 Be7 12.Qd2 Nbd7 13.O-O-O
b6 14.Kb1 Nc5 15.f4 Nxb3 16.axb3 Nd7 17.Bd3 exf4 18.Bxf4 Ne5
19.Qe2 Nxd3 20.Rxd3 O-O 21.g5 hxg5 22.Rdg3 Re8 23.Qh5 Qd7 24.Bxg5
Qf5 25.Bxe7 Qxh5 26.Rxg7+ Kh8 27.Bf6 Qf5 28.R7g5+ 1-0

[Event "DRUGA LIGA CENTRALNE SRBIJE 2012 - Istok"]
[Site "Pozarevac, Hotel DUNAV"]
[Date "2012.09.14"]
[Round "1.33"]
[White "Popovic, Djordje D"]
[Black "Djukic, Slobodan D"]
[Result "1/2-1/2"]
[WhiteElo "2221"]
[BlackElo "2187"]
[PlyCount "0"]
[EventDate "2012.09.14"]

1.d4 Nf6 2.c4 g6 3.Nc3 Bg7 4.e4 d6 5.Be2 O-O 6.Nf3 e5 7.O-O Nc6
8.d5 Ne7 9.Ne1 Nd7 10.Nd3 f5 11.Bd2 c5 12.f3 f4 13.a3 g5 14.g4
fxg3 15.hxg3 h6 16.Kg2 Ng6 17.Rh1 a6 18.b4 b6 19.Rb1 Qe7 20.Be3
Rf6 21.a4 a5 22.bxc5 bxc5 23.Nf2 Nb8 24.Qb3 Na6 25.Qb6 Nb4 26.Rb2
Nf8 27.Nb5 Ra6 28.Qb8 Qd8 29.Qc7 Qxc7 30.Nxc7 Ra7 31.Nb5 Rb7
32.Nd3 Nd7 33.Ra1 Bf8 34.Nc1 Rb8 35.Nb3 Ra8 36.Nc7 Ra7 37.Nb5
Ra8 38.Kh2 Be7 1/2-1/2

[Event "DRUGA LIGA CENTRALNE SRBIJE 2012 - Istok"]
[Site "Pozarevac, Hotel DUNAV"]
[Date "2012.09.14"]
[Round "1.34"]
[White "Ilic, Aleksandar"]
[Black "Illijin, Neboisa"]
[Result "1/2-1/2"]
[WhiteElo "2110"]
[BlackElo "2168"]
[PlyCount "0"]
[EventDate "2012.09.14"]

1.e4 c5 2.Nf3 e6 3.d4 cxd4 4.Nxd4 Nf6 5.Nc3 Nc6 6.Ndb5 Bb4 7.a3
Bxc3+ 8.Nxc3 d5 9.exd5 Nxd5 10.Nxd5 exd5 11.Bd3 Ne5 12.O-O Nxd3
13.Qxd3 O-O 14.Bd2 Be6 15.Rfe1 Qf6 16.Bc3 Qg6 17.Qd4 Rfc8 18.Re3
Rc4 19.Rg3 Rxd4 20.Rxg6 hxg6 21.Bxd4 a6 22.c3 Re8 23.Rd1 f6 24.f3
g5 25.Kf2 Kf7 26.Be3 Rh8 27.h3 Rc8 28.a4 Rc4 29.a5 Ra4 30.Bb6
Ra2 31.Rd2 Ra4 32.Ke3 Rc4 33.Bd4 Rc6 34.b4 Rc4 35.f4 gxf4+ 36.Kxf4
g5+ 37.Ke3 Rc6 38.Bc5 Kg7 39.Kd4 f5 40.Rb2 f4 41.b5 axb5 42.Rxb5
Bc8 43.Kxd5 g4 44.hxg4 Kg6 45.Be7 1/2-1/2

[Event "DRUGA LIGA CENTRALNE SRBIJE 2012 - Istok"]
[Site "Pozarevac, Hotel DUNAV"]
[Date "2012.09.14"]
[Round "1.35"]
[White "Stefanovic, Vladimir"]
[Black "Madjar, Stanislav"]
[Result "0-1"]
[WhiteElo "2162"]
[BlackElo "2169"]
[PlyCount "0"]
[EventDate "2012.09.14"]

1.c4 Nf6 2.g3 d5 3.cxd5 Nxd5 4.Bg2 c6 5.Nf3 g6 6.Nc3 Bg7 7.O-O
O-O 8.d4 Na6 9.Qb3 Nb6 10.e4 Be6 11.d5 cxd5 12.Ng5 Nc7 13.Nxe6
Nxe6 14.exd5 Nd4 15.Qd1 Nc4 16.b3 Nd6 17.Bb2 Rc8 18.Na4 N6b5
19.Re1 Nc2 20.Bxg7 Kxg7 21.Bh3 Rc7 22.Qd3 Nxa1 23.Qxb5 Nc2 24.Rd1
Qd6 25.Qd3 Nb4 26.Qd2 Rc2 27.Qe3 Nxa2 28.Rd4 b5 29.Rh4 h5 30.Qd3
Rc1+ 31.Kg2 bxa4 32.Rxa4 Nc3 0-1

[Event "DRUGA LIGA CENTRALNE SRBIJE 2012 - Istok"]
[Site "Pozarevac, Hotel DUNAV"]
[Date "2012.09.14"]
[Round "1.36"]
[White "Mickovic, Slavisa"]
[Black "Ivic, Matija **"]
[Result "0-1"]
[WhiteElo "2093"]
[BlackElo "1877"]
[PlyCount "0"]
[EventDate "2012.09.14"]

1.d4 c5 2.dxc5 Qa5+ 3.c3 Qxc5 4.Nf3 d6 5.g3 Nf6 6.Bg2 g6 7.O-O
Bg7 8.Na3 a6 9.Be3 Qc7 10.Qb3 Nbd7 11.h3 O-O 12.Qc4 Qxc4 13.Nxc4
Nc5 14.Nb6 Rb8 15.Nxc8 Rfxc8 16.Nd4 Na4 17.Rab1 Nb6 18.Nb3 Nfd5
19.Bxb6 Nxb6 20.Nd2 Rc7 21.Rfd1 Nc4 22.Nxc4 Rxc4 23.e3 b5 24.a3
a5 25.Rd5 Rc7 26.Bf1 Rbb7 27.Rc1 Bf8 28.Kg2 e6 29.Rdd1 d5 30.Kf3
f5 31.g4 Kf7 32.gxf5 gxf5 33.Bd3 Kf6 34.Ke2 Rc8 35.f4 Bd6 36.Rg1
Rg7 37.Rxg7 Kxg7 38.Rg1+ Kf7 39.Kd2 Kf6 40.Kc2 Bc5 41.Kd2 Bd6 0-1

[Event "DRUGA LIGA CENTRALNE SRBIJE 2012 - Istok"]
[Site "Pozarevac, Hotel DUNAV"]
[Date "2012.09.14"]
[Round "1.37"]
[White "Ivanovic, Zoran M"]
[Black "Jenic, Aleksandar **"]
[Result "1-0"]
[WhiteElo "2111"]
[BlackElo "1886"]
[PlyCount "0"]
[EventDate "2012.09.14"]

1.e4 e6 2.d4 d5 3.Nd2 c5 4.Ngf3 Nc6 5.c3 Qb6 6.exd5 exd5 7.Nb3
c4 8.Nbd2 Bd6 9.b3 cxb3 10.axb3 Nf6 11.Bd3 O-O 12.O-O Bg4 13.Bb2
Rfe8 14.h3 Bh5 15.Rb1 Qc7 16.c4 Nb4 17.Bf5 Bg6 18.Bxg6 hxg6 19.Bc3
Nd3 20.c5 Nf4 21.Ba1 Ne2+ 22.Kh1 Bf8 23.Ne5 Nf4 24.Qf3 Ne6 25.b4
Ng5 26.Qf4 Ne6 27.Qe3 Nd7 28.Ndf3 f6 29.Nxd7 Qxd7 30.Qd2 a6 31.Rfe1
g5 32.g3 Re7 33.Kg2 Rae8 34.Qd3 Kf7 35.Bc3 g6 36.Bd2 Bg7 37.b5
Rh8 38.Rh1 a5 39.Ra1 b6 40.cxb6 Rb8 41.Bxa5 Bh6 42.Bb4 g4 43.Nh4
f5 44.hxg4 1-0

[Event "DRUGA LIGA CENTRALNE SRBIJE 2012 - Istok"]
[Site "Pozarevac, Hotel DUNAV"]
[Date "2012.09.14"]
[Round "1.38"]
[White "Dubravcic, Nikola **"]
[Black "Ljuboja, Ognjen **"]
[Result "0-1"]
[WhiteElo "1677"]
[BlackElo "1789"]
[PlyCount "0"]
[EventDate "2012.09.14"]

1.e4 c5 2.Nf3 g6 3.d4 cxd4 4.Nxd4 Bg7 5.c4 Nc6 6.Be3 Nf6 7.Nc3
d6 8.Be2 O-O 9.O-O Bd7 10.Qd2 Nxd4 11.Bxd4 Bc6 12.f3 a5 13.Rac1
Nd7 14.Bf2 Nc5 15.Rfd1 Qb6 16.Rb1 Rfc8 17.b3 h5 18.a3 Qd8 19.Qc2
Qe8 20.b4 axb4 21.axb4 Na4 22.Bd4 Nxc3 23.Qxc3 Bxd4+ 24.Qxd4
Ra2 25.Rd2 Rxd2 26.Qxd2 b5 27.Rc1 Ra8 28.Qg5 bxc4 29.Bxc4 Kg7
30.Bxf7 Kxf7 31.Rxc6 Qxc6 0-1

[Event "DRUGA LIGA CENTRALNE SRBIJE 2012 - Istok"]
[Site "Pozarevac, Hotel DUNAV"]
[Date "2012.09.14"]
[Round "1.41"]
[White "Dimitrijevic, Srdjan"]
[Black "Livaja, Mario"]
[Result "1-0"]
[WhiteElo "2295"]
[BlackElo "2238"]
[PlyCount "0"]
[EventDate "2012.09.14"]

1.d4 Nf6 2.Nf3 g6 3.c4 Bg7 4.Nc3 O-O 5.e4 d6 6.Be2 Nc6 7.d5 Nb4
8.O-O Bg4 9.Rb1 c5 10.a3 Na6 11.Re1 Nd7 12.Ng5 Bxe2 13.Qxe2 Nc7
14.f4 a6 15.Nf3 Rb8 16.Bd2 b5 17.b3 bxc4 18.bxc4 Rxb1 19.Rxb1
Qa8 20.e5 Re8 21.Qe4 Qc8 22.Na4 e6 23.Nb6 Nxb6 24.Rxb6 exd5 25.cxd5
Qd8 26.Rxd6 Qb8 27.Ba5 Nb5 28.Rb6 Qa8 29.a4 Na7 30.Qc4 Nc8 31.Rxa6
Qb7 32.d6 Na7 33.Rb6 Qd7 34.Qa6 Qxa4 35.Qxa7 Qa1+ 36.Kf2 Bh6
37.Rb7 Qb2+ 38.Rxb2 Bxf4 39.d7 Rf8 40.Rb8 Bxe5 41.Nxe5 h5 42.d8R
Kg7 43.Rxf8 Kh6 44.Bd2+ g5 45.Rb6+ Kg7 46.Qxf7# 1-0

[Event "DRUGA LIGA CENTRALNE SRBIJE 2012 - Istok"]
[Site "Pozarevac, Hotel DUNAV"]
[Date "2012.09.14"]
[Round "1.42"]
[White "Petrovic, Dragan R"]
[Black "Zivkovic, Nemanja **"]
[Result "1-0"]
[WhiteElo "2197"]
[BlackElo "2212"]
[PlyCount "0"]
[EventDate "2012.09.14"]

1.d4 Nf6 2.Nf3 c5 3.d5 e6 4.c4 exd5 5.cxd5 d6 6.Nc3 g6 7.h3 Bg7
8.e4 O-O 9.Bd3 Re8 10.O-O c4 11.Bc2 b5 12.Nxb5 Nxe4 13.Bxe4 Rxe4
14.Ng5 Re5 15.Nf3 Rh5 16.Bf4 Bxh3 17.gxh3 Qd7 18.Nxd6 Qxh3 19.Nh2
Be5 20.Bxe5 Rxe5 21.Qf3 Qd7 22.Nxc4 Rf5 23.Qg3 Na6 24.Ne3 Rh5
25.Nhg4 Qd8 26.Rac1 Kh8 27.a3 Rb8 28.b4 Rg5 29.f4 Rh5 30.f5 Rg5
31.fxg6 fxg6 32.Rc6 Rb6 33.Rxb6 axb6 34.Ng2 1-0

[Event "DRUGA LIGA CENTRALNE SRBIJE 2012 - Istok"]
[Site "Pozarevac, Hotel DUNAV"]
[Date "2012.09.14"]
[Round "1.43"]
[White "Krstic, Ranko"]
[Black "Cvetanovic, Uros **"]
[Result "0-1"]
[WhiteElo "2208"]
[BlackElo "2229"]
[PlyCount "0"]
[EventDate "2012.09.14"]

1.d4 Nf6 2.c4 e6 3.a3 b6 4.Nc3 Bb7 5.Nf3 d6 6.Qc2 Nbd7 7.Bg5
h6 8.Bxf6 Qxf6 9.e4 a6 10.Be2 g5 11.d5 Bg7 12.Rd1 Qg6 13.O-O
O-O 14.Nd4 Be5 15.Nf3 Bxc3 16.Qxc3 Qxe4 17.Rfe1 Qf4 18.h4 g4
19.Rd4 Qf6 20.Rxg4+ Kh8 21.Qd2 Rg8 22.Rf4 Qg7 23.g3 e5 24.Rg4
Qf6 25.Nh2 Kh7 26.Bd3+ Kh8 27.Bc2 Raf8 28.Qd3 Rg7 29.h5 Bc8 30.Rxg7
Qxg7 31.Nf1 f5 32.Kg2 e4 33.Qe2 Ne5 34.Nd2 Bd7 35.Rc1 Rg8 36.Qe3
Ng4 37.Qf4 Qxb2 38.Nf1 Qxa3 39.Nh2 0-1

[Event "DRUGA LIGA CENTRALNE SRBIJE 2012 - Istok"]
[Site "Pozarevac, Hotel DUNAV"]
[Date "2012.09.14"]
[Round "1.44"]
[White "Kraguljac, Pero"]
[Black "Trickovic, Vladimir *"]
[Result "1-0"]
[WhiteElo "2133"]
[BlackElo "2101"]
[PlyCount "0"]
[EventDate "2012.09.14"]

1.Nf3 Nf6 2.g3 d6 3.Bg2 e5 4.d3 Be7 5.O-O O-O 6.e4 Nc6 7.Re1
Be6 8.c3 Qc8 9.Nbd2 Bh3 10.Bh1 Nh5 11.Nf1 Kh8 12.Ne3 g6 13.Nd5
f5 14.Bh6 Ng7 15.Nxe7 Nxe7 16.Ng5 f4 17.Qb3 fxg3 18.hxg3 d5 19.exd5
Nef5 20.Bxg7+ Nxg7 21.Rxe5 Qg4 22.Qc4 Qxc4 23.dxc4 Rf5 24.Rae1
Rxe5 25.Rxe5 Bf5 26.Re7 Rc8 27.Nf7+ Kg8 28.Nh6+ Kh8 29.g4 Bb1
30.a3 b6 31.b4 Ne8 32.c5 bxc5 33.bxc5 Ba2 34.g5 1-0

[Event "DRUGA LIGA CENTRALNE SRBIJE 2012 - Istok"]
[Site "Pozarevac, Hotel DUNAV"]
[Date "2012.09.14"]
[Round "1.45"]
[White "Jovanovic, Boban"]
[Black "Colic, Nikola"]
[Result "1/2-1/2"]
[WhiteElo "2174"]
[BlackElo "2210"]
[PlyCount "0"]
[EventDate "2012.09.14"]

1.Nf3 f5 2.c4 Nf6 3.Nc3 g6 4.g3 Bg7 5.Bg2 O-O 6.O-O d6 7.d4 Qe8
8.d5 Na6 9.Nd4 Bd7 $10 10.Rb1 c5 11.Ndb5 Bxb5 12.Nxb5 Qd7 13.Re1
Ng4 14.h3 Ne5 15.b3 Nb4 16.f4 a6 17.Na3 Nf7 18.Qd2 e5 19.dxe6
Qxe6 20.Bxb7 Ra7 21.Bd5 Nxd5 22.Qxd5 Qxd5 23.cxd5 Bc3 24.Rd1
Re8 25.e3 Re4 26.Kf2 Rb7 27.Bd2 Bf6 28.Nc4 Kf8 29.Ke2 Ke8 30.Kd3
Rb5 31.Bc3 Bxc3 32.Kxc3 Kd7 33.Kd3 Re8 34.Re1 Nh6 35.e4 fxe4+
36.Rxe4 Rxe4 37.Kxe4 Ng8 38.Rd1 Nf6+ 39.Kf3 a5 40.Ne3 Rb4 41.Rd2
Rb8 42.g4 a4 43.Rd3 c4 44.bxc4 Rb2 45.Rc3 Rxa2 1/2-1/2

[Event "DRUGA LIGA CENTRALNE SRBIJE 2012 - Istok"]
[Site "Pozarevac, Hotel DUNAV"]
[Date "2012.09.14"]
[Round "1.46"]
[White "Majstorovic, Dusan"]
[Black "Mitic, Jovan Dj"]
[Result "1-0"]
[WhiteElo "2039"]
[BlackElo "2116"]
[PlyCount "0"]
[EventDate "2012.09.14"]

1.e4 c5 2.Nc3 Nc6 3.g3 g6 4.Bg2 Bg7 5.f4 d6 6.Nf3 Nf6 7.d3 O-O
8.O-O Be6 9.h3 h6 10.Be3 Rb8 11.Qd2 Kh7 12.g4 b5 13.f5 b4 14.Ne2
Bd7 15.g5 Ng8 16.gxh6 Bxh6 17.Bxh6 Nxh6 18.fxg6+ fxg6 19.Qg5
e5 20.Qg3 Qe7 21.Nh4 g5 22.Nf5 Nxf5 23.exf5 Qf6 24.Qg4 Ne7 25.Ng3
d5 26.Nh5 Qh6 27.Ng3 Qh4 28.Rae1 Nc6 29.Bxd5 Rbe8 30.Ne4 Nd4
31.Nxg5+ 1-0

[Event "DRUGA LIGA CENTRALNE SRBIJE 2012 - Istok"]
[Site "Pozarevac, Hotel DUNAV"]
[Date "2012.09.14"]
[Round "1.47"]
[White "Lepojevic, Nebojsa"]
[Black "Stojkovic, Zoran"]
[Result "1-0"]
[WhiteElo "2076"]
[BlackElo "1962"]
[PlyCount "0"]
[EventDate "2012.09.14"]

1.d4 Nf6 2.c4 e6 3.Nf3 d5 4.g3 c5 5.cxd5 exd5 6.Bg2 Nc6 7.O-O
Be6 8.Nc3 b6 9.Bg5 Be7 10.Ne5 Rc8 11.Nxc6 Rxc6 12.Bxf6 Bxf6 13.e4
cxd4 14.Nxd5 Bxd5 15.exd5 Rc7 16.Qa4+ Qd7 17.Rfe1+ Kf8 18.d6
Rb7 19.Bc6 b5 20.Bxd7 1-0

[Event "DRUGA LIGA CENTRALNE SRBIJE 2012 - Istok"]
[Site "Pozarevac, Hotel DUNAV"]
[Date "2012.09.14"]
[Round "1.51"]
[White "Mitic, Dragan"]
[Black "Devetak, Dusan"]
[Result "1/2-1/2"]
[WhiteElo "2151"]
[BlackElo "2156"]
[PlyCount "0"]
[EventDate "2012.09.14"]

1.e4 d6 2.d4 Nf6 3.Nc3 g6 4.h3 Bg7 5.Nf3 O-O 6.Be3 c6 7.Qd2 Qa5
8.Bd3 Nbd7 9.O-O Re8 10.Ne2 Qxd2 11.Nxd2 e5 12.c3 d5 13.Ng3 exd4
14.cxd4 dxe4 15.Bxe4 Nxe4 16.Ngxe4 Nf6 17.Nd6 Rd8 18.Nxc8 Raxc8
19.Nf3 Nd5 20.Bd2 Nb6 21.Bc3 Nd5 22.Bd2 Nb6 23.Bc3 1/2-1/2

[Event "DRUGA LIGA CENTRALNE SRBIJE 2012 - Istok"]
[Site "Pozarevac, Hotel DUNAV"]
[Date "2012.09.14"]
[Round "1.52"]
[White "Dodic, Dragan"]
[Black "Rasic, Jovan **"]
[Result "1-0"]
[WhiteElo "2140"]
[BlackElo "1982"]
[PlyCount "0"]
[EventDate "2012.09.14"]

1.d4 g6 2.Nf3 Bg7 3.c4 c5 4.d5 d6 5.e4 Nd7 6.Nc3 Ngf6 7.h3 O-O
8.Bd3 a6 9.a4 Nh5 10.g4 Nhf6 11.Bf4 Qc7 12.Qc2 Ne8 13.Ra3 Ne5
14.Nxe5 dxe5 15.Be3 Nd6 16.f3 Rb8 17.Rb3 Bd7 18.Be2 Kh8 19.h4
f5 20.h5 f4 21.Bf2 g5 22.Kd2 Rfc8 23.Ra1 Qa5 24.Raa3 Rf8 25.Kd1
Rfc8 26.Be1 Qd8 27.a5 Qf8 28.Na4 Bxa4 29.Rxa4 Qd8 30.Rb6 Qd7
31.Bc3 Nf7 32.b4 Nd6 33.bxc5 Rxc5 34.Rab4 Rcc8 35.Qb2 Nf7 36.Rb3
Rc7 37.R3b4 1-0

[Event "DRUGA LIGA CENTRALNE SRBIJE 2012 - Istok"]
[Site "Pozarevac, Hotel DUNAV"]
[Date "2012.09.14"]
[Round "1.54"]
[White "Tosic, Branislav"]
[Black "Mitrovic, Darko A"]
[Result "1/2-1/2"]
[WhiteElo "2254"]
[BlackElo "2132"]
[PlyCount "0"]
[EventDate "2012.09.14"]

1.Nf3 Nf6 2.g3 g6 3.Bg2 Bg7 4.O-O O-O 5.d3 d6 6.c4 e5 7.Nc3 Nc6
8.h3 h6 9.Be3 Be6 10.Qd2 Kh7 1/2-1/2

[Event "DRUGA LIGA CENTRALNE SRBIJE 2012 - Istok"]
[Site "Pozarevac, Hotel DUNAV"]
[Date "2012.09.14"]
[Round "1.56"]
[White "Vukas, Radenko"]
[Black "Nikic, Dragan"]
[Result "0-1"]
[WhiteElo "2164"]
[BlackElo "1843"]
[PlyCount "0"]
[EventDate "2012.09.14"]

1.e4 c5 2.Nc3 a6 3.g3 b5 4.Bg2 Bb7 5.d3 e6 6.Nf3 Nf6 7.O-O Be7
8.e5 Nd5 9.Ne4 Qc7 10.a4 Nc6 11.Re1 O-O 12.c4 bxc4 13.dxc4 Ndb4
14.Bf4 Rab8 15.Qd2 Na5 16.Qc3 Qb6 17.Nf6+ gxf6 18.exf6 Bd6 19.Bxd6
Qxd6 20.Qe3 Qd3 21.Qxc5 Nb3 22.Qxb4 Nxa1 23.Ne5 Nc2 0-1

[Event "DRUGA LIGA CENTRALNE SRBIJE 2012 - Istok"]
[Site "Pozarevac, Hotel DUNAV"]
[Date "2012.09.14"]
[Round "1.58"]
[White "Milutinovic, Stefana **"]
[Black "Brkic, Antonio **"]
[Result "1-0"]
[WhiteElo "1981"]
[BlackElo "1682"]
[PlyCount "0"]
[EventDate "2012.09.14"]

1.d4 g6 2.c4 Bg7 3.Nc3 c5 4.d5 d6 5.e4 Nf6 6.h3 Nbd7 7.Nf3 b6
8.Be2 a6 9.O-O O-O 10.Re1 Qc7 11.Bf4 Ne8 12.Qd2 Ne5 13.Nxe5 dxe5
14.Bh2 Nd6 15.a4 Rd8 16.Bd3 Rb8 17.f4 Nb7 18.Rf1 Bh6 19.g4 exf4
20.Bxf4 Bxf4 21.Qxf4 Qxf4 22.Rxf4 Bd7 23.e5 Rf8 24.Raf1 Rbd8
25.Ne4 Bxa4 26.Ng5 Be8 27.Ne6 fxe6 28.Rxf8+ Kg7 29.dxe6 Kh6 30.Be4
Na5 31.b3 Rc8 32.R1f3 b5 33.cxb5 axb5 34.Rh8 1-0

[Event "DRUGA LIGA CENTRALNE SRBIJE 2012 - Istok"]
[Site "Pozarevac, Hotel DUNAV"]
[Date "2012.09.14"]
[Round "1.61"]
[White "Nikolic, Stanimir"]
[Black "Urosevic, Goran"]
[Result "1-0"]
[WhiteElo "2263"]
[BlackElo "2242"]
[PlyCount "0"]
[EventDate "2012.09.14"]

1.d4 Nf6 2.c4 c5 3.d5 b5 4.cxb5 a6 5.bxa6 g6 6.Nc3 Bxa6 7.e4
Bxf1 8.Kxf1 d6 9.Bg5 Bg7 10.Qd2 Qb6 11.Nge2 Nbd7 12.Rb1 O-O 13.h4
Ne5 14.h5 Qa6 15.Rh3 Nxh5 16.Bxe7 Rfe8 17.Bg5 Nc4 18.Qd3 Nf6
19.Kg1 Ng4 20.Rh4 h5 21.f3 Nge5 22.Qc2 Reb8 23.Rh3 Rb4 24.Bc1
Rab8 25.Kh1 Nxb2 26.Rxb2 Rxb2 27.Bxb2 Nd3 28.Bc1 Nf2+ 29.Kh2
Nxh3 30.Kxh3 Qc4 31.Bf4 Qa6 32.Qc1 Rb4 33.Qe3 Bd4 34.Qd2 Bg7
35.Bg3 Qc8+ 36.Kh2 Qb8 37.Qg5 Rb2 38.Qe7 Rb6 39.Na4 Bf8 40.Qg5
Rb5 41.Qf6 Qc7 42.e5 h4 43.Bf4 Rb1 1-0

[Event "DRUGA LIGA CENTRALNE SRBIJE 2012 - Istok"]
[Site "Pozarevac, Hotel DUNAV"]
[Date "2012.09.14"]
[Round "1.64"]
[White "Marinovic, Nebojsa"]
[Black "Arsenijevic, Ivan *"]
[Result "1/2-1/2"]
[WhiteElo "2175"]
[BlackElo "2148"]
[PlyCount "0"]
[EventDate "2012.09.14"]

1.e4 e6 2.Nf3 d5 3.Nc3 dxe4 4.Nxe4 Be7 5.d4 Nf6 6.Bd3 O-O 7.O-O
Nbd7 8.c3 b6 9.Re1 Bb7 10.Nfg5 h6 11.Nxf6+ Nxf6 12.Ne4 Nxe4 13.Bxe4
Bxe4 14.Rxe4 Bf6 15.Qg4 Kh7 16.Bf4 Bg5 1/2-1/2

[Event "DRUGA LIGA CENTRALNE SRBIJE 2012 - Istok"]
[Site "Pozarevac, Hotel DUNAV"]
[Date "2012.09.14"]
[Round "1.66"]
[White "Madic, Zivko"]
[Black "Njegic, Vladimir"]
[Result "0-1"]
[WhiteElo "2110"]
[BlackElo "2103"]
[PlyCount "0"]
[EventDate "2012.09.14"]

1.d4 Nf6 2.Nf3 e6 3.Bg5 b6 4.e4 h6 5.Bxf6 Qxf6 6.Bd3 Bb7 7.Nbd2
d6 8.Qe2 e5 9.d5 a6 10.O-O-O Nd7 11.Kb1 Nc5 12.Nc4 g6 13.h4 Bg7
14.g4 O-O-O 15.Rhg1 Kb8 16.Rg3 Rde8 17.c3 Ka7 18.Bc2 Qe7 19.b4
Nd7 20.a4 Bf6 21.g5 hxg5 22.hxg5 Bg7 23.Qe3 Ka8 24.Kb2 Rh5 25.Bd3
Reh8 26.Nfd2 f6 27.gxf6 Bxf6 28.Qe2 Nf8 29.Na3 Ka7 30.a5 b5 31.c4
c6 32.dxc6 Bxc6 33.cxb5 d5 34.bxc6 Qxb4+ 35.Nb3 Ne6 36.Ka2 Be7
37.Qb2 Rb8 38.Rb1 Rh2 39.Nc2 0-1

[Event "DRUGA LIGA CENTRALNE SRBIJE 2012 - Istok"]
[Site "Pozarevac, Hotel DUNAV"]
[Date "2012.09.14"]
[Round "1.67"]
[White "Kostic, Tomislav **"]
[Black "Milenkovic, Miroslav"]
[Result "1-0"]
[WhiteElo "1876"]
[BlackElo "2145"]
[PlyCount "0"]
[EventDate "2012.09.14"]

1.e4 e5 2.Nf3 Nc6 3.Nc3 g6 4.Bc4 Bg7 5.d3 Na5 6.Bb3 Nxb3 7.axb3
Ne7 8.Bg5 h6 9.Be3 d5 10.Bc5 d4 11.Ne2 b6 12.Ba3 O-O 13.O-O Bg4
14.Nd2 g5 15.h3 Be6 16.g4 Re8 17.Bxe7 Qxe7 18.Ng3 a5 19.Kg2 Qd7
20.Nf5 a4 21.bxa4 Rxa4 22.b3 Rxa1 23.Qxa1 Qc6 24.Qb2 Bxf5 25.gxf5
Bf8 26.Ra1 Bb4 27.Nb1 Ra8 28.Rxa8+ Qxa8 29.c3 dxc3 30.Nxc3 Qa5
31.Nd5 Bd6 32.Qc2 c5 33.Nf6+ Kf8 34.Qc4 b5 35.Qd5 Qd8 36.Ng4
Qb8 37.Nxh6 Qc7 38.Qa8+ Qb8 39.Qd5 Qc7 40.Nxf7 1-0